| 000 | 00921nam a22001577a 4500 | ||
|---|---|---|---|
| 003 | OSt | ||
| 005 | 20190827143610.0 | ||
| 008 | 190827b xxu||||| |||| 00| 0 eng d | ||
| 040 | _cRUA | ||
| 082 | _aAGR SO 2014 B646 Or.1 | ||
| 100 |
_913872 _aSO TOLA សូ តុលា |
||
| 245 | _acomparison of different rates of nitrogen combined with phospors and potassium on yield of pka romdoul rice variety under rainy season condition at tramkork district takeo province ប្រៀបធៀបបរិមាណជីអាសូតខុសៗគ្នាផ្សំជាមួយផូស្វ័រប៉ូតាស្យូមលើពូជស្រូវផ្ការំដួលក្នុងលក្ខខណ្ឌរដូវស្សានៅស្រុកត្រាំកក់ ខេត្តតាកែវ | ||
| 260 |
_aRUA _bphnom penh _c2014 |
||
| 300 |
_aviii;53p _bill; _c29cm |
||
| 942 |
_2ddc _cAGR |
||
| 999 |
_c18198 _d18198 |
||